000 00318nam a2200133 i 4500
001 bg
100 1 _aPRZYBYLSKI, Henryk
245 0 _aBezpieczeństwo i higiena pracy /
_cHenruk Przybylski.
260 _aWarszawa,
_c1978.
040 _cBPK
041 _apol
942 _cKS
008 s pl f |000 0 pol
999 _c9815
_d9815
856 _uhttp://koha.tu.koszalin.pl/cgi-bin/koha/opac-detail.pl?biblionumber=9815
_yKatalog online BPK